[Event "Gyumri 2008"]
[Site "Gyumri ARM"]
[Date "2008.04.25"]
[Round "1.1"]
[White "Simonian, Hrair"]
[Black "Babujian, Levon"]
[Result "1/2-1/2"]
[WhiteElo "2443"]
[BlackElo "2413"]
[PlyCount "84"]
[EventDate "2008.04.25"]
[EventType "tourn"]
[EventRounds "11"]
[EventCountry "ARM"]
[Source "lmi"]
[SourceDate "2008.04.25"]

1. e4 e5 2. Nf3 Nc6 3. Bb5 a6 4. Bxc6 dxc6 5. Nc3 Bc5 6. d3 Bg4 7. h3 Bh5 8. g4
Bg6 9. Be3 Bd6 10. Qd2 Qf6 11. Nh4 h6 12. Nf5 Bxf5 13. exf5 O-O-O 14. O-O-O Bb4
15. a3 Bxc3 16. Qxc3 Ne7 17. f4 Nd5 18. Qd2 Rhe8 19. fxe5 Qxe5 20. Bf2 b6 21.
Rde1 Qd6 22. Re4 Nf6 23. Rxe8 Rxe8 24. Re1 Rxe1+ 25. Bxe1 Qd5 26. Qe3 Qh1 27.
c4 c5 28. Kc2 Qg2+ 29. Kb3 a5 30. Bc3 a4+ 31. Ka2 Qc2 32. Qf3 Kd7 33. h4 Ne8
34. g5 hxg5 35. hxg5 c6 36. Qg4 Kd8 37. f6 gxf6 38. Bxf6+ Nxf6 39. gxf6 Kc7 40.
Qh5 Kd6 41. Qxf7 Qb3+ 42. Ka1 Qd1+ 1/2-1/2

[Event "Gyumri 2008"]
[Site "Gyumri ARM"]
[Date "2008.04.25"]
[Round "1.2"]
[White "Kalashian, David"]
[Black "Pashikian, Arman"]
[Result "0-1"]
[WhiteElo "2439"]
[BlackElo "2537"]
[PlyCount "90"]
[EventDate "2008.04.25"]
[EventType "tourn"]
[EventRounds "11"]
[EventCountry "ARM"]
[Source "lmi"]
[SourceDate "2008.04.25"]

1. d4 Nf6 2. c4 e6 3. Nc3 Bb4 4. e3 O-O 5. Bd3 c5 6. a3 Bxc3+ 7. bxc3 Nc6 8.
Nf3 d6 9. O-O e5 10. d5 e4 11. dxc6 bxc6 12. Be2 exf3 13. Bxf3 Qc7 14. e4 Nd7
15. Bf4 Ne5 16. Bxe5 dxe5 17. Qa4 g6 18. Rab1 Be6 19. Rb2 Rab8 20. Rfb1 Rxb2
21. Rxb2 Rd8 22. h3 h5 23. Qa6 Bc8 24. Qa4 Kh7 25. Be2 Rd6 26. Qc2 Qa5 27. Rb8
Qc7 28. Rb1 Qd8 29. Rd1 Rxd1+ 30. Qxd1 Qg5 31. Kf1 Qf4 32. Bd3 Qh2 33. Qf3 Be6
34. Ke2 Qg1 35. Qg3 a5 36. a4 Qa1 37. Qxe5 Qxa4 38. Qxc5 Qa2+ 39. Ke3 a4 40.
Qg5 Qb2 41. Qf6 a3 42. f4 a2 43. f5 Qb6+ 44. Kf3 a1=Q 45. fxe6 Qaa7 0-1

[Event "Gyumri 2008"]
[Site "Gyumri ARM"]
[Date "2008.04.25"]
[Round "1.3"]
[White "Chibukhchian, Artur"]
[Black "Bagaturov, Giorgi"]
[Result "0-1"]
[WhiteElo "2428"]
[BlackElo "2473"]
[PlyCount "80"]
[EventDate "2008.04.25"]
[EventType "tourn"]
[EventRounds "11"]
[EventCountry "ARM"]
[Source "lmi"]
[SourceDate "2008.04.25"]

1. c4 Nf6 2. Nc3 c5 3. Nf3 e6 4. g3 b6 5. Bg2 Bb7 6. O-O Be7 7. d4 cxd4 8. Qxd4
d6 9. b3 O-O 10. Bb2 a6 11. Rfd1 Nbd7 12. e4 Qc7 13. Qe3 Rfe8 14. Nd4 Bf8 15.
Rac1 Rac8 16. h3 Qb8 17. Re1 g6 18. Rcd1 Qa8 19. g4 Qb8 20. Nde2 e5 21. g5 Nh5
22. Bf3 Ng7 23. Nd5 b5 24. cxb5 axb5 25. Bg4 Ne6 26. Nec3 Ba8 27. Ba3 Bc6 28.
Nb4 Qa8 29. Nxc6 Qxa3 30. Nxb5 Qa6 31. Nxd6 Qxc6 32. Nxe8 Rxe8 33. Qa7 Ndc5 34.
Qa5 Nxg5 35. b4 Ra8 36. Qxa8 Qxa8 37. bxc5 Bxc5 38. Rc1 Qa7 39. Rc2 h5 40. h4
hxg4 0-1

[Event "Gyumri 2008"]
[Site "Gyumri ARM"]
[Date "2008.04.25"]
[Round "1.4"]
[White "Vorobiov, Evgeny"]
[Black "Gabrielian, Artur"]
[Result "1-0"]
[WhiteElo "2536"]
[BlackElo "2494"]
[PlyCount "87"]
[EventDate "2008.04.25"]
[EventType "tourn"]
[EventRounds "11"]
[EventCountry "ARM"]
[Source "lmi"]
[SourceDate "2008.04.25"]

1. d4 Nf6 2. c4 c6 3. Nf3 d5 4. e3 a6 5. Nbd2 Bf5 6. Nh4 Bg4 7. Qb3 Ra7 8. h3
Bc8 9. Bd3 e6 10. Nhf3 Nbd7 11. O-O b5 12. cxd5 cxd5 13. a4 b4 14. a5 Bd6 15.
e4 dxe4 16. Nxe4 Nxe4 17. Bxe4 h6 18. Ne5 Rc7 19. Bf4 Bxe5 20. dxe5 Nc5 21.
Qxb4 Nxe4 22. Qxe4 Bb7 23. Qa4+ Qd7 24. Rfd1 Qxa4 25. Rxa4 Ke7 26. Be3 Bd5 27.
Rg4 g6 28. Rb4 g5 29. Rb6 Bc4 30. b4 Rhc8 31. Bc5+ Ke8 32. Bd6 Ra7 33. Rc1 Kd7
34. Bc5 Bd5 35. Rd1 Ke8 36. f3 h5 37. Kf2 g4 38. fxg4 hxg4 39. h4 f6 40. exf6
Rf7 41. Kg3 Ra7 42. Rd4 Kf7 43. Rxg4 Kxf6 44. Rg5 1-0

[Event "Gyumri 2008"]
[Site "Gyumri ARM"]
[Date "2008.04.25"]
[Round "1.5"]
[White "Hairapetian, Arman"]
[Black "Gelashvili, Tamaz"]
[Result "0-1"]
[WhiteElo "2414"]
[BlackElo "2622"]
[PlyCount "80"]
[EventDate "2008.04.25"]
[EventType "tourn"]
[EventRounds "11"]
[EventCountry "ARM"]
[Source "lmi"]
[SourceDate "2008.04.25"]

1. e4 e5 2. Nf3 d6 3. d4 Nd7 4. Bc4 c6 5. O-O Be7 6. dxe5 dxe5 7. Ng5 Bxg5 8.
Qh5 Qe7 9. Bxg5 Ngf6 10. Qh4 Nf8 11. Nd2 Ng6 12. Qg3 h6 13. Bxf6 Qxf6 14. Rfd1
O-O 15. Bf1 Be6 16. Nc4 Rad8 17. Qa3 Nf4 18. Qc3 Qg5 19. Kh1 Bxc4 20. Qxc4 Rxd1
21. Rxd1 Rd8 22. Rxd8+ Qxd8 23. g3 Ne6 24. Kg2 Qd1 25. Be2 Qe1 26. c3 Qb1 27.
b4 Qc2 28. Bg4 Nd4 29. Kh3 Nb5 30. Qc5 Qxe4 31. a4 Na3 32. Qe7 g6 33. f4 Qd5
34. fxe5 h5 35. Bc8 Nc4 36. Bxb7 Ne3 37. Qe8+ Kg7 38. Qxc6 Qxe5 39. Qe4 Qxc3
40. Bd5 g5 0-1

[Event "Gyumri 2008"]
[Site "Gyumri ARM"]
[Date "2008.04.25"]
[Round "1.6"]
[White "Zubarev, Alexander"]
[Black "Melkumyan, Hrant"]
[Result "0-1"]
[WhiteElo "2510"]
[BlackElo "2534"]
[PlyCount "80"]
[EventDate "2008.04.25"]
[EventType "tourn"]
[EventRounds "11"]
[EventCountry "ARM"]
[Source "lmi"]
[SourceDate "2008.04.25"]

1. d4 Nf6 2. c4 e6 3. Nf3 b6 4. g3 Ba6 5. b3 Bb4+ 6. Bd2 Be7 7. Bg2 c6 8. O-O
O-O 9. Bc3 d5 10. Ne5 Nfd7 11. Nxd7 Nxd7 12. Nd2 Rc8 13. e4 dxe4 14. Nxe4 b5
15. Re1 bxc4 16. Bf1 Rb8 17. Qe2 Qc8 18. Nc5 Bf6 19. Ne4 Be7 20. Rac1 Rd8 21.
bxc4 c5 22. Qe3 Bb7 23. d5 exd5 24. cxd5 Bxd5 25. Ng5 Bf6 26. Nxh7 Bxc3 27.
Qxc3 f6 28. Rcd1 Bf7 29. Bd3 Qc6 30. Be4 Qc7 31. Qf3 Rb6 32. Qf5 Rd6 33. Bd5
Ne5 34. Rxe5 fxe5 35. Ng5 Rxd5 36. Rxd5 Rxd5 37. Qh7+ Kf8 38. Qh8+ Ke7 39. Qxg7
Rd1+ 40. Kg2 Qc6+ 0-1

[Event "Gyumri 2008"]
[Site "Gyumri ARM"]
[Date "2008.04.26"]
[Round "2.1"]
[White "Babujian, Levon"]
[Black "Melkumyan, Hrant"]
[Result "1-0"]
[WhiteElo "2413"]
[BlackElo "2534"]
[PlyCount "197"]
[EventDate "2008.04.25"]
[EventType "tourn"]
[EventRounds "11"]
[EventCountry "ARM"]
[Source "lmi"]
[SourceDate "2008.04.25"]

1. e4 e5 2. Nf3 Nc6 3. Bc4 Nf6 4. Ng5 d5 5. exd5 Na5 6. Bb5+ c6 7. dxc6 bxc6 8.
Be2 h6 9. Nf3 e4 10. Ne5 Qd4 11. f4 Bc5 12. Rf1 Qd8 13. c3 Nd7 14. d4 exd3 15.
Qxd3 Qh4+ 16. g3 Nxe5 17. fxe5 Qxh2 18. Qf3 Be6 19. b4 Bd5 20. Qg4 h5 21. Qh4
Qxh4 22. gxh4 Be7 23. bxa5 Bxh4+ 24. Kd1 Rd8 25. Nd2 Bg3 26. Kc2 h4 27. Bf3
Bxe5 28. Re1 f6 29. Bxd5 Rxd5 30. Nf3 Kf7 31. Nxe5+ Rxe5 32. Rxe5 fxe5 33. Be3
a6 34. Kd3 Ke6 35. Rh1 h3 36. Bg1 g5 37. Bh2 Rf8 38. Ke2 Rb8 39. Kf3 Kf5 40.
Kg3 g4 41. Rf1+ Kg5 42. Bg1 Rb2 43. Be3+ Kg6 44. Kxg4 Rc2 45. Rh1 h2 46. Bb6
Kf6 47. Kg3 Kf5 48. Rxh2 Rxc3+ 49. Kh4 Rc4+ 50. Kh5 c5 51. Bc7 Re4 52. Rf2+ Ke6
53. Kg5 c4 54. Rf6+ Kd7 55. Bb6 Rf4 56. Rh6 c3 57. Rh7+ Kd6 58. Rc7 Rf3 59. Kg4
e4 60. Rc5 Ke6 61. Bc7 Rf8 62. Bf4 Rg8+ 63. Bg5 Kd6 64. Rxc3 Kd5 65. Rb3 Kd4
66. Kf5 Rf8+ 67. Bf6+ Kd5 68. Rb4 Re8 69. Rd4+ Kc5 70. Be5 e3 71. Re4 Rf8+ 72.
Bf6 Kb5 73. Re5+ Ka4 74. Ke6 Rc8 75. Rxe3 Kxa5 76. Kd5 Ka4 77. Be7 a5 78. Re4+
Kb5 79. a4+ Kb6 80. Re6+ Kb7 81. Bc5 Rc7 82. Rb6+ Kc8 83. Ra6 Kb7 84. Ra7+ Kb8
85. Rxa5 Rd7+ 86. Kc6 Rc7+ 87. Kd6 Rb7 88. Rb5 Ka8 89. Bb6 Rh7 90. Re5 Kb7 91.
Kc5 Ka6 92. Bd8 Ka7 93. Kb5 Rb7+ 94. Ka5 Rb8 95. Re7+ Rb7 96. Bb6+ Ka8 97. Re6
Rh7 98. Kb5 Rb7 99. a5 1-0

[Event "Gyumri 2008"]
[Site "Gyumri ARM"]
[Date "2008.04.26"]
[Round "2.2"]
[White "Gelashvili, Tamaz"]
[Black "Zubarev, Alexander"]
[Result "1/2-1/2"]
[WhiteElo "2622"]
[BlackElo "2510"]
[PlyCount "73"]
[EventDate "2008.04.25"]
[EventType "tourn"]
[EventRounds "11"]
[EventCountry "ARM"]
[Source "lmi"]
[SourceDate "2008.04.25"]

1. d4 Nf6 2. c4 e6 3. Nc3 Bb4 4. Nf3 c5 5. g3 Nc6 6. Bg2 Ne4 7. Bd2 Bxc3 8.
bxc3 O-O 9. O-O Na5 10. Bf4 d5 11. cxd5 Nxc3 12. Qc2 cxd4 13. dxe6 Bxe6 14. Ng5
g6 15. Nxe6 fxe6 16. Qd3 Rc8 17. e3 Nc6 18. Rae1 g5 19. Bxc6 gxf4 20. Bxb7 dxe3
21. Qa6 e2 22. Qxe6+ Kg7 23. Bxc8 exf1=Q+ 24. Kxf1 Qxc8 25. Qe7+ Rf7 26. Qg5+
Kf8 27. Qh6+ Kg8 28. Qg5+ Rg7 29. Qxf4 Nd5 30. Qd4 Qc6 31. Re5 Qc1+ 32. Kg2
Nf4+ 33. Kf3 Ng6 34. Re8+ Nf8 35. Qd5+ Rf7+ 36. Kg2 Qb2 37. Rxf8+ 1/2-1/2

[Event "Gyumri 2008"]
[Site "Gyumri ARM"]
[Date "2008.04.26"]
[Round "2.3"]
[White "Gabrielian, Artur"]
[Black "Hairapetian, Arman"]
[Result "1-0"]
[WhiteElo "2494"]
[BlackElo "2414"]
[PlyCount "49"]
[EventDate "2008.04.25"]
[EventType "tourn"]
[EventRounds "11"]
[EventCountry "ARM"]
[Source "lmi"]
[SourceDate "2008.04.25"]

1. e4 e5 2. f4 d5 3. exd5 e4 4. d3 Nf6 5. dxe4 Nxe4 6. Qe2 Bb4+ 7. Bd2 O-O 8.
Bxb4 Re8 9. Nf3 Bg4 10. Kd1 Nc6 11. Be1 Qxd5+ 12. Kc1 Rad8 13. b3 Qd6 14. Kb2
Nd4 15. Qd3 Bxf3 16. gxf3 Nc5 17. Qc3 Qb6 18. Qb4 Qc6 19. Nc3 a5 20. Qc4 a4 21.
Nxa4 Nxa4+ 22. bxa4 Qxf3 23. Rg1 Re6 24. Qxc7 Rf8 25. Bc4 1-0

[Event "Gyumri 2008"]
[Site "Gyumri ARM"]
[Date "2008.04.26"]
[Round "2.5"]
[White "Pashikian, Arman"]
[Black "Chibukhchian, Artur"]
[Result "1-0"]
[WhiteElo "2537"]
[BlackElo "2428"]
[PlyCount "76"]
[EventDate "2008.04.25"]
[EventType "tourn"]
[EventRounds "11"]
[EventCountry "ARM"]
[Source "lmi"]
[SourceDate "2008.04.25"]

1. d4 Nf6 2. c4 g6 3. Nc3 Bg7 4. e4 d6 5. Nf3 O-O 6. Be2 e5 7. O-O Nbd7 8. Be3
c6 9. d5 c5 10. Kh1 Ng4 11. Bg5 f6 12. Bd2 Nh6 13. Qc1 Nf7 14. g4 Qe7 15. Rg1
Kh8 16. Bd3 Rg8 17. Rg3 a6 18. h4 Qf8 19. Qc2 Nb6 20. Rag1 Nd7 21. R1g2 Qe8 22.
g5 fxg5 23. hxg5 Bf8 24. Rh2 Be7 25. Nh4 Qd8 26. Qc1 Rg7 27. b3 Kg8 28. Rhg2
Nf8 29. Nf5 gxf5 30. exf5 Kh8 31. Qg1 Qe8 32. f6 Rg6 33. fxe7 Qxe7 34. Rh2 Kg7
35. Qd1 Kg8 36. Ne4 Bf5 37. Nf6+ Qxf6 38. gxf6 Rxg3 1-0

[Event "Gyumri 2008"]
[Site "Gyumri ARM"]
[Date "2008.04.26"]
[Round "2.6"]
[White "Simonian, Hrair"]
[Black "Kalashian, David"]
[Result "1/2-1/2"]
[WhiteElo "2443"]
[BlackElo "2439"]
[PlyCount "101"]
[EventDate "2008.04.25"]
[EventType "tourn"]
[EventRounds "11"]
[EventCountry "ARM"]
[Source "lmi"]
[SourceDate "2008.04.25"]

1. e4 c5 2. Nc3 d6 3. g3 g6 4. Bg2 Bg7 5. Nge2 Nc6 6. O-O h5 7. h4 Bg4 8. d3
Nf6 9. Be3 Qc8 10. Qd2 Bh3 11. f3 Ne5 12. Nf4 Bd7 13. Rad1 b5 14. b3 b4 15.
Nce2 Nc6 16. Nd5 O-O 17. d4 Nxd5 18. exd5 Nxd4 19. Nxd4 cxd4 20. Bxd4 Bxd4+ 21.
Qxd4 Qc5 22. Rfe1 Rfe8 23. c4 a5 24. Qxc5 dxc5 25. f4 Ra6 26. Re3 a4 27. Rde1
Kf8 28. Kh2 e6 29. Bh3 axb3 30. axb3 f5 31. dxe6 Rexe6 32. Rxe6 Bxe6 33. Re5
Ra2+ 34. Bg2 Kf7 35. Rxc5 Rb2 36. Rb5 Rxb3 37. Bd5 Rb2+ 38. Kg1 Bxd5 39. cxd5
b3 40. Rb7+ Ke8 41. d6 Kd8 42. d7 Ke7 43. Kh1 Rb1+ 44. Kg2 Rb2+ 45. Kh1 Kd8 46.
Kg1 Rb1+ 47. Kg2 b2 48. Kh2 Ke7 49. Kg2 Kd8 50. Kh2 Ke7 51. Kg2 1/2-1/2

[Event "Gyumri 2008"]
[Site "Gyumri ARM"]
[Date "2008.04.27"]
[Round "3.1"]
[White "Kalashian, David"]
[Black "Babujian, Levon"]
[Result "1/2-1/2"]
[WhiteElo "2439"]
[BlackElo "2413"]
[PlyCount "139"]
[EventDate "2008.04.25"]
[EventType "tourn"]
[EventRounds "11"]
[EventCountry "ARM"]
[Source "lmi"]
[SourceDate "2008.04.25"]

1. d4 d5 2. Nf3 Nf6 3. c4 e6 4. Nc3 Bb4 5. e3 c5 6. a3 Bxc3+ 7. bxc3 O-O 8. Bd3
dxc4 9. Bxc4 Qc7 10. Ba2 b6 11. O-O Bb7 12. h3 Rd8 13. Bb2 Nc6 14. Qe2 Rac8 15.
Rac1 Ne4 16. c4 Ne7 17. Bb1 Ng6 18. Rfd1 cxd4 19. exd4 Qf4 20. d5 exd5 21. cxd5
Rxc1 22. Bxc1 Nc3 23. Qd3 Qc7 24. d6 Qc6 25. Bg5 f6 26. Rc1 Rxd6 27. Qxc3 Qxc3
28. Ba2+ Bd5 29. Rxc3 Bxa2 30. Rc8+ Kf7 31. Rc7+ Ke8 32. Be3 Rd7 33. Rc8+ Kf7
34. Nd4 Ne7 35. Rc2 Bd5 36. f3 Bb7 37. Bf2 Nd5 38. a4 Nb4 39. Rc3 Ba6 40. Nc6
Nxc6 41. Rxc6 h5 42. Be3 Bb7 43. Rc3 Ke6 44. Kf2 g5 45. h4 gxh4 46. Rc4 Rd1 47.
Rxh4 Rd5 48. Rc4 Ra5 49. Bd2 Ra6 50. Bc3 f5 51. g4 hxg4 52. fxg4 Bd5 53. gxf5+
Kxf5 54. Rh4 Kg5 55. Kg3 Bf7 56. Re4 Kg6 57. Rd4 Kf5 58. Rf4+ Ke6 59. a5 Be8
60. Rf6+ Kd5 61. Be1 Bd7 62. Kf4 Be6 63. axb6 axb6 64. Rh6 Ra3 65. Rh5+ Kc4 66.
Rh6 Kd5 67. Rh5+ Kc6 68. Rh6 Kd7 69. Rh7+ Ke8 70. Re7+ 1/2-1/2

[Event "Gyumri 2008"]
[Site "Gyumri ARM"]
[Date "2008.04.27"]
[Round "3.2"]
[White "Chibukhchian, Artur"]
[Black "Simonian, Hrair"]
[Result "1-0"]
[WhiteElo "2428"]
[BlackElo "2443"]
[PlyCount "78"]
[EventDate "2008.04.25"]
[EventType "tourn"]
[EventRounds "11"]
[EventCountry "ARM"]
[Source "lmi"]
[SourceDate "2008.04.25"]

1. d4 Nf6 2. c4 e6 3. Nc3 Bb4 4. e3 b6 5. Nge2 Bb7 6. a3 Be7 7. d5 O-O 8. e4
exd5 9. cxd5 Re8 10. g3 c6 11. Bg2 cxd5 12. exd5 d6 13. O-O Na6 14. b4 Nc7 15.
Qb3 Bf8 16. Nd4 g6 17. Rd1 Bg7 18. Bb2 Qd7 19. Rac1 Rac8 20. b5 a6 21. a4 Bh6
22. Rc2 a5 23. h3 Qe7 24. Nc6 Qf8 25. Ba3 Bg7 26. Qc4 Na8 27. Qf4 Red8 28. Nxd8
Qxd8 29. Rdc1 Ne8 30. Ne4 Rxc2 31. Rxc2 Be5 32. Qe3 Bxd5 33. Rd2 Nac7 34. Qxb6
Qa8 35. Qe3 f5 36. f4 Bxe4 37. Bxe4 fxe4 38. fxe5 d5 39. Qc5 Ne6 1-0

[Event "Gyumri 2008"]
[Site "Gyumri ARM"]
[Date "2008.04.27"]
[Round "3.3"]
[White "Vorobiov, Evgeny"]
[Black "Pashikian, Arman"]
[Result "1/2-1/2"]
[WhiteElo "2536"]
[BlackElo "2537"]
[PlyCount "103"]
[EventDate "2008.04.25"]
[EventType "tourn"]
[EventRounds "11"]
[EventCountry "ARM"]
[Source "lmi"]
[SourceDate "2008.04.25"]

1. c4 Nf6 2. d4 e6 3. Nc3 Bb4 4. Qc2 d5 5. a3 Bxc3+ 6. Qxc3 Ne4 7. Qc2 c5 8.
dxc5 Nc6 9. cxd5 exd5 10. Nf3 Qa5+ 11. Bd2 Nxd2 12. Nxd2 Nd4 13. Qd3 Qxc5 14.
b4 Nc2+ 15. Kd1 Qd4 16. Qxd4 Nxd4 17. e3 Ne6 18. Nb3 Bd7 19. Kd2 Ke7 20. Bd3
Rhc8 21. Rhc1 Kd6 22. Rxc8 Rxc8 23. a4 h6 24. a5 Rb8 25. f4 Nd8 26. Nd4 Nc6 27.
Kc3 Rc8 28. Nxc6 Rxc6+ 29. Kd4 g6 30. h4 Bf5 31. h5 Bxd3 32. Kxd3 Ke6 33. Rh1
Kf5 34. hxg6 Kxg6 35. g4 Rc4 36. Rh5 Rxb4 37. Rxd5 b6 38. Rd7 bxa5 39. Rxa7 a4
40. Ra6+ Kg7 41. Ke2 Rb2+ 42. Kf3 Ra2 43. Ke4 a3 44. Kf5 Ra1 45. e4 a2 46. e5
Kg8 47. Ra7 Kg7 48. Ra8 Kh7 49. e6 fxe6+ 50. Kf6 Rf1 51. Ra7+ Kg8 52. Ra8+
1/2-1/2

[Event "Gyumri 2008"]
[Site "Gyumri ARM"]
[Date "2008.04.27"]
[Round "3.4"]
[White "Hairapetian, Arman"]
[Black "Bagaturov, Giorgi"]
[Result "1/2-1/2"]
[WhiteElo "2414"]
[BlackElo "2473"]
[PlyCount "37"]
[EventDate "2008.04.25"]
[EventType "tourn"]
[EventRounds "11"]
[EventCountry "ARM"]
[Source "lmi"]
[SourceDate "2008.04.25"]

1. e4 c5 2. Nf3 Nc6 3. Nc3 d6 4. Bb5 e5 5. d3 Be7 6. Nd2 Nf6 7. Nf1 Bg4 8. f3
Be6 9. Bg5 O-O 10. Qd2 a6 11. Bc4 b5 12. Bxf6 Bxf6 13. Bd5 Bg5 14. Qf2 Rc8 15.
Bxc6 Rxc6 16. Ne3 f5 17. exf5 Bxf5 18. Nxf5 Rxf5 19. h4 1/2-1/2

[Event "Gyumri 2008"]
[Site "Gyumri ARM"]
[Date "2008.04.27"]
[Round "3.5"]
[White "Zubarev, Alexander"]
[Black "Gabrielian, Artur"]
[Result "1-0"]
[WhiteElo "2510"]
[BlackElo "2494"]
[PlyCount "83"]
[EventDate "2008.04.25"]
[EventType "tourn"]
[EventRounds "11"]
[EventCountry "ARM"]
[Source "lmi"]
[SourceDate "2008.04.25"]

1. e4 c5 2. Nf3 Nc6 3. c3 Nf6 4. e5 Nd5 5. Bc4 Nb6 6. Bb3 c4 7. Bc2 Qc7 8. Qe2
g5 9. h3 Bg7 10. O-O Nxe5 11. Nxg5 h6 12. Nf3 d6 13. Re1 Bd7 14. Nxe5 Bxe5 15.
d4 cxd3 16. Bxd3 Rg8 17. Kh1 O-O-O 18. Be4 Bc6 19. Nd2 Rg7 20. Nf3 Rdg8 21. Rg1
Qd7 22. Bxc6 bxc6 23. Qf1 Nd5 24. c4 Nf6 25. Nxe5 dxe5 26. Be3 Ne4 27. Qd1 Qxd1
28. Raxd1 f5 29. b4 e6 30. g3 h5 31. Kh2 Kb7 32. a4 Kc8 33. b5 cxb5 34. cxb5
Kb7 35. a5 a6 36. Rb1 Rc8 37. bxa6+ Ka8 38. Rgc1 Rcg8 39. Rc4 h4 40. g4 Nf6 41.
Rbc1 Kb8 42. a7+ 1-0

[Event "Gyumri 2008"]
[Site "Gyumri ARM"]
[Date "2008.04.27"]
[Round "3.6"]
[White "Melkumyan, Hrant"]
[Black "Gelashvili, Tamaz"]
[Result "0-1"]
[WhiteElo "2534"]
[BlackElo "2622"]
[PlyCount "110"]
[EventDate "2008.04.25"]
[EventType "tourn"]
[EventRounds "11"]
[EventCountry "ARM"]
[Source "lmi"]
[SourceDate "2008.04.25"]

1. d4 Nf6 2. c4 e6 3. Nf3 d5 4. g3 Bb4+ 5. Bd2 Be7 6. Bg2 c6 7. Qb3 O-O 8. O-O
b6 9. Bf4 Nbd7 10. Nc3 Bb7 11. Rfd1 Nh5 12. Bd2 f5 13. cxd5 cxd5 14. Rac1 Rc8
15. Ne5 Nxe5 16. dxe5 Qd7 17. Bf3 g6 18. Nb5 Bc6 19. a4 a6 20. Nc3 Bc5 21. a5
bxa5 22. Qa2 Bb6 23. b3 Bc7 24. Bxh5 gxh5 25. Bf4 d4 26. Na4 Qd5 27. f3 Bxa4
28. Qxa4 Bb6 29. Kg2 Qb5 30. Qa2 Kf7 31. Rd3 Rxc1 32. Bxc1 Qxe5 33. Qd2 h4 34.
Bb2 hxg3 35. Bxd4 Bxd4 36. Rxd4 gxh2 37. Rd7+ Kg6 38. f4 Qc5 39. e3 Rc8 40. Rd6
Kf6 41. Kxh2 Qc2 42. Qxc2 Rxc2+ 43. Kg3 Rc3 44. Rxa6 Rxe3+ 45. Kf2 Rxb3 46.
Rxa5 h5 47. Ra8 h4 48. Kg2 h3+ 49. Kh2 Rf3 50. Ra4 Kg6 51. Ra6 Re3 52. Ra8 Kh5
53. Rg8 Kh4 54. Rg6 Re4 55. Kh1 Kh5 0-1

[Event "Gyumri 2008"]
[Site "Gyumri ARM"]
[Date "2008.04.28"]
[Round "4.1"]
[White "Babujian, Levon"]
[Black "Gelashvili, Tamaz"]
[Result "1/2-1/2"]
[WhiteElo "2413"]
[BlackElo "2622"]
[PlyCount "105"]
[EventDate "2008.04.25"]
[EventType "tourn"]
[EventRounds "11"]
[EventCountry "ARM"]
[Source "lmi"]
[SourceDate "2008.04.25"]

1. e4 c5 2. Nf3 d6 3. d4 cxd4 4. Nxd4 Nf6 5. Nc3 Nc6 6. Bg5 e6 7. f4 Be7 8. Nf3
h6 9. Bh4 Nxe4 10. Nxe4 Bxh4+ 11. Nxh4 Qxh4+ 12. g3 Qd8 13. Qxd6 Qxd6 14. Nxd6+
Ke7 15. O-O-O Rd8 16. Nxc8+ Raxc8 17. Rxd8 Nxd8 18. h4 f5 19. Bg2 Rc7 20. Re1
Kf6 21. Kd2 g5 22. hxg5+ hxg5 23. c3 Nf7 24. b4 e5 25. fxe5+ Nxe5 26. a4 b6 27.
Kc2 Rc4 28. Re3 Rg4 29. Bh3 Re4 30. Rxe4 fxe4 31. Kd2 Nc4+ 32. Ke2 Ke5 33. Bd7
Kd5 34. Bc8 Nb2 35. Bd7 Kc4 36. Ke3 Kxc3 37. a5 Nc4+ 38. Kxe4 b5 39. Kf5 Kxb4
40. Kxg5 Kxa5 41. Kf4 b4 42. Be6 Kb5 43. Ke4 Kc5 44. g4 Nd2+ 45. Ke3 Kd6 46.
Bg8 Nb1 47. Kd4 a5 48. g5 Nc3 49. Bb3 Ke7 50. Kc5 Ne2 51. Kb5 Nd4+ 52. Kxa5
Nxb3+ 53. Kxb4 1/2-1/2

[Event "Gyumri 2008"]
[Site "Gyumri ARM"]
[Date "2008.04.28"]
[Round "4.2"]
[White "Gabrielian, Artur"]
[Black "Melkumyan, Hrant"]
[Result "0-1"]
[WhiteElo "2494"]
[BlackElo "2534"]
[PlyCount "138"]
[EventDate "2008.04.25"]
[EventType "tourn"]
[EventRounds "11"]
[EventCountry "ARM"]
[Source "lmi"]
[SourceDate "2008.04.25"]

1. e4 e5 2. Nf3 Nc6 3. Bb5 a6 4. Ba4 Nf6 5. O-O Be7 6. Re1 b5 7. Bb3 d6 8. c3
O-O 9. d4 Bg4 10. d5 Na5 11. Bc2 c6 12. h3 Bc8 13. dxc6 Qc7 14. Nbd2 Qxc6 15.
Nf1 Nc4 16. Ng3 Re8 17. a4 Be6 18. Ng5 Bd7 19. b3 Na5 20. Bd2 h6 21. Nf3 Rec8
22. Nh4 Be6 23. Nhf5 Bf8 24. axb5 axb5 25. Qf3 Ne8 26. Qg4 Kh7 27. Rab1 Qd7 28.
Red1 f6 29. Qe2 Qf7 30. b4 Nc4 31. Bb3 Ra3 32. Bc1 Rxb3 33. Rxb3 g6 34. Nh4 Ne3
35. Ra3 Nxd1 36. Qxd1 Rc7 37. Be3 d5 38. exd5 Bxd5 39. Nf3 Nd6 40. Nd2 Rd7 41.
Qe2 Nc4 42. Nxc4 Bxc4 43. Qf3 f5 44. Bc5 Bg7 45. Kh2 Qe6 46. Ra7 Rxa7 47. Bxa7
Qd7 48. Bc5 h5 49. h4 Qd8 50. Nxf5 Bd5 51. Qd3 e4 52. Qd1 gxf5 53. Qxh5+ Kg8
54. Qxf5 Qxh4+ 55. Kg1 Bf7 56. Be3 Qh5 57. Qxe4 Bxc3 58. Bc5 Be5 59. f4 Bf6 60.
f5 Qd1+ 61. Kh2 Kg7 62. Qf4 Kh7 63. Be3 Qh5+ 64. Kg3 Be7 65. Qe4 Bf6 66. Qf4
Bd5 67. Qc7+ Bg7 68. Qd7 Qe2 69. Bf2 Qe4 0-1

[Event "Gyumri 2008"]
[Site "Gyumri ARM"]
[Date "2008.04.28"]
[Round "4.3"]
[White "Bagaturov, Giorgi"]
[Black "Zubarev, Alexander"]
[Result "0-1"]
[WhiteElo "2473"]
[BlackElo "2510"]
[PlyCount "78"]
[EventDate "2008.04.25"]
[EventType "tourn"]
[EventRounds "11"]
[EventCountry "ARM"]
[Source "lmi"]
[SourceDate "2008.04.25"]

1. d4 Nf6 2. c4 e6 3. Nf3 c5 4. d5 exd5 5. cxd5 d6 6. Nc3 g6 7. Nd2 Bg7 8. e4
O-O 9. Be2 Re8 10. O-O Nbd7 11. a4 Ne5 12. Ra3 g5 13. Qc2 h6 14. a5 a6 15. b3
Bd7 16. Nc4 Qe7 17. Nb6 Rad8 18. Bd2 Ng6 19. Bd3 Nf4 20. Bxf4 gxf4 21. Qd2 f3
22. gxf3 Bh3 23. Ne2 Nh5 24. Ng3 Qf6 25. Nxh5 Qxf3 26. Nf4 Qg4+ 27. Kh1 Bxf1
28. Bxf1 Rxe4 29. Ng2 Rde8 30. Nc4 Rd4 31. Qc2 Rd1 32. Nce3 Rxf1+ 33. Nxf1 Re2
34. Nfe3 Rxc2 35. Nxg4 Rc1+ 36. Ne1 Rxe1+ 37. Kg2 Re2 38. Ra4 Rb2 39. Re4 f5
0-1

[Event "Gyumri 2008"]
[Site "Gyumri ARM"]
[Date "2008.04.28"]
[Round "4.4"]
[White "Pashikian, Arman"]
[Black "Hairapetian, Arman"]
[Result "1-0"]
[WhiteElo "2537"]
[BlackElo "2414"]
[PlyCount "91"]
[EventDate "2008.04.25"]
[EventType "tourn"]
[EventRounds "11"]
[EventCountry "ARM"]
[Source "lmi"]
[SourceDate "2008.04.25"]

1. e4 e5 2. Nf3 Nc6 3. Bb5 a6 4. Ba4 Nf6 5. O-O Be7 6. d3 b5 7. Bb3 O-O 8. a4
Rb8 9. axb5 axb5 10. c3 d6 11. d4 exd4 12. cxd4 d5 13. e5 Ne4 14. Nc3 Be6 15.
Ne2 Nb4 16. Bd2 Bg4 17. Be1 Bxf3 18. gxf3 Ng5 19. Bxb4 Nxf3+ 20. Kh1 Bxb4 21.
Nf4 Nd2 22. Nxd5 Nxf1 23. Nxb4 Nxh2 24. Kxh2 Rb6 25. Kg2 c5 26. dxc5 Rg6+ 27.
Kf3 Qh4 28. Nd5 Re8 29. Nf4 Rg4 30. Bxf7+ Kh8 31. Qd4 Rd8 32. Qe3 g5 33. Ne6
Rb4 34. Kg2 Rg4+ 35. Kf1 Ra4 36. Re1 Rd3 37. Qxg5 Qh1+ 38. Qg1 Rh3 39. Rd1 Rd3
40. Qxh1 Rxd1+ 41. Kg2 Rxh1 42. Kxh1 Rb4 43. c6 Rxb2 44. c7 Rc2 45. Be8 b4 46.
Ba4 1-0

[Event "Gyumri 2008"]
[Site "Gyumri ARM"]
[Date "2008.04.28"]
[Round "4.5"]
[White "Simonian, Hrair"]
[Black "Vorobiov, Evgeny"]
[Result "1-0"]
[WhiteElo "2443"]
[BlackElo "2536"]
[PlyCount "75"]
[EventDate "2008.04.25"]
[EventType "tourn"]
[EventRounds "11"]
[EventCountry "ARM"]
[Source "lmi"]
[SourceDate "2008.04.25"]

1. e4 c5 2. Nc3 e6 3. Nf3 a6 4. g3 b5 5. d4 cxd4 6. Nxd4 Bb7 7. Bg2 Nf6 8. O-O
b4 9. Na4 Bxe4 10. Bxe4 Nxe4 11. Re1 Nc5 12. Qf3 Ra7 13. Nxc5 Bxc5 14. Be3 Qb6
15. Rad1 O-O 16. c3 bxc3 17. bxc3 d5 18. Rb1 Qc7 19. Qg4 Kh8 20. Bf4 Bd6 21.
Rxb8 Rxb8 22. Nxe6 Qxc3 23. Rc1 Qb2 24. Ng5 Rf8 25. Rc8 f5 26. Qh4 h6 27. Rc6
Qb1+ 28. Kg2 Kg8 29. Bxd6 hxg5 30. Qd4 Rff7 31. Rc8+ Kh7 32. Re8 Rad7 33. Bc5
Qc2 34. h4 g4 35. Qe3 f4 36. gxf4 d4 37. Qe5 Qf5 38. Bxd4 1-0